000
00268nam a22000977a 4500
008
230421b |||||||| |||| 00| 0 eng d
020
_a
9781444955187
100
_a
Blyton Guid
_9
7607
245
_a
The Mystery of the Secret Room
260
_a
London
_b
Hodder's Children Books
999
_c
12267
_d
12267